000 00565nam a2200217Ia 4500
005 20250428125743.0
008 250408s9999 xx 000 0 und d
037 _aReference
040 _aLCO
_beng
_cLCO
041 _aeng
_2eng
084 _aZ2,94 R2
_qLCO
100 _aNarvankar, Yuvraj P.
_9753159
245 0 _aElectronic Evidence
_c Yuvraj P. Narvankar
250 _a1st
260 _aHaryana, India
_bLexisNexis
_c2022
300 _a397
365 _aINR
_b995
650 _aLaw
942 _cREF
_hZ2,94 R2
999 _c1309470
_d1309470